Cats are Time Characters by Alcohol Tolerance - Statistics

General Stats
  • This quiz has been taken 4 times
  • The average score is 13 of 17
Answer Stats
Hint Answer % Correct
2nd Arora
100%
3rd Ekaterina
100%
16th Francis
100%
4th Lyra
100%
1st Magnus
100%
6th Achilles
67%
13th Asani
67%
9th Benji
67%
11th Felix
67%
14th Lemon
67%
12th Luna
67%
15th Maxine
67%
7th Paelius
67%
17th Rus
67%
5th Stubbins
67%
10th Viktor
67%
8th Georgia
33%
No matching quizzes found
Score Distribution
Percent of People with Each Score
Percentile by Number Answered
Your Score History
You have not taken this quiz